[Event "Rubinstein Memorial 33rd"]
[Site "Polanica Zdroj"]
[Date "1996.??.??"]
[Round "10"]
[White "Beliavsky, Alexander G"]
[Black "Krasenkow, Michal"]
[Result "1-0"]
[WhiteElo "2620"]
[BlackElo "2605"]
[Annotator "Beliavsky,A"]
[PlyCount "83"]
[EventDate "1996.08.15"]
[EventType "tourn"]
[EventRounds "11"]
[EventCountry "POL"]
[EventCategory "15"]
[SourceTitle "CBM 055"]
[Source "ChessBase"]
[SourceDate "1996.12.01"]
[SourceVersion "1"]
[SourceVersionDate "1996.12.01"]
[SourceQuality "1"]

1. d4 Nf6 2. c4 g6 3. Nc3 d5 4. Nf3 Bg7 5. Qb3 dxc4 6. Qxc4 O-O 7. e4 Bg4 8.
Be3 Nfd7 9. Qb3 Nb6 10. Rd1 e6 11. Be2 a5 (11... Nc6 12. Ng1 Bxe2 13. Ngxe2 $14
) 12. O-O a4 13. Qc2 Bxf3 (13... Nc6 14. Ne5 Nb4 15. Qd2 Bxe5 16. Bxg4 Nc4 17.
Qe2 Nxe3 18. fxe3 Bg7 19. a3 Nc6 20. e5 Ne7 21. Bf3 c6 22. Ne4 Nd5 23. Nd6 Qe7
$10) (13... Nc6 14. Ne5 Nb4 15. Qb1 Bxe2 16. Nxe2 Bxe5 17. dxe5 Qe7 18. a3 Nc6
19. Qc2 Rfd8 20. f4 $36) 14. Bxf3 Nc6 15. e5 Nb4 16. Qc1 N4d5 17. Bg5 Qb8 $142
$6 (17... Qd7 18. Ne4 Qb5 19. Nf6+ Bxf6 20. Bxf6 Nxf6 21. exf6 Nd7 22. d5 Nxf6
23. dxe6 fxe6 24. Qxc7 Qxb2 25. Qxb7 Qxa2 26. Ra1 Qd2 27. Qb6 $14) 18. Rfe1 $6
(18. a3 $142) 18... Re8 (18... a3 $142) 19. Re4 $2 (19. a3 Nxc3 20. bxc3 Nc4
21. Re4 Bf8 22. Rh4 Nxa3 23. Qf4 Bg7 24. Be4 Rf8 25. Bf6 $18) 19... a3 20. b3
Nxc3 21. Qxc3 Nd5 22. Qc1 c5 $1 $10 23. Bh6 Bh8 24. Re2 cxd4 (24... Rd8 25.
dxc5 Bxe5 26. Bxd5 $14) 25. Bxd5 exd5 26. f4 f6 $6 (26... Qa7 27. Qd2 f6 28.
Qxd4 Qxd4+ 29. Rxd4 fxe5 30. Rxd5 exf4 $10) 27. Qc5 Qd8 28. Qxd4 Ra6 (28... Ra5
29. h4 $40) 29. Qxd5+ Qxd5 30. Rxd5 Rae6 31. Rd7 fxe5 (31... b6 32. Ra7 $16)
32. Rxb7 e4 33. g4 Bb2 34. Kg2 Rd6 35. b4 Rd5 $2 (35... Rd1 36. f5 gxf5 37.
gxf5 Rd5 38. Rf2 e3 39. f6 Bxf6 40. Rxf6 e2 41. Rg7+ Kh8 42. Re7 Rg5+ 43. Bxg5
Rxe7 44. Bh4 $10) 36. Bg5 $16 Rd4 37. b5 Re6 38. Rc2 Re8 39. Be7 Rd1 40. f5
gxf5 41. gxf5 Bc1 42. f6 1-0

[Event "Hoogovens"]
[Site "Wijk aan Zee"]
[Date "1977.01.14"]
[Round "1"]
[White "Sosonko, Gennadi"]
[Black "Nikolac, Juraj"]
[Result "1-0"]
[WhiteElo "2530"]
[BlackElo "2475"]
[Annotator "Bulletin"]
[PlyCount "57"]
[EventDate "1977.01.14"]
[EventType "tourn"]
[EventRounds "11"]
[EventCountry "NED"]
[EventCategory "11"]
[SourceTitle "MCL"]
[Source "ChessBase"]
[SourceDate "1999.07.01"]
[SourceVersion "1"]
[SourceVersionDate "1999.07.01"]
[SourceQuality "1"]

1. d4 Nf6 2. c4 g6 3. Nc3 d5 4. Nf3 Bg7 5. Qb3 dxc4 6. Qxc4 O-O 7. e4 Nfd7 8.
Be3 Nb6 9. Qb3 Nc6 10. Rd1 Bg4 11. d5 Ne5 12. Be2 Nxf3+ 13. gxf3 Bh5 14. Rg1 $5
Qc8 $6 (14... Qd7) 15. Rg3 Kh8 $2 16. Nb5 f5 17. Bd4 f4 $2 18. Bxg7+ Kxg7 19.
Rg5 (19. Rg1) 19... c6 20. dxc6 bxc6 21. Nd4 Kh6 22. Re5 Rb8 23. Qa3 c5 24.
Rxc5 Qh3 25. Rc7 Nc8 26. Nc6 Rb6 27. Nxe7 Nxe7 28. Qxe7 Rff6 29. Rd5 1-0

[Event "Bugojno"]
[Site "Bugojno"]
[Date "1978.03.01"]
[Round "4"]
[White "Ivkov, Borislav"]
[Black "Timman, Jan H"]
[Result "1-0"]
[WhiteElo "2515"]
[BlackElo "2585"]
[Annotator "Bulletin"]
[PlyCount "79"]
[EventDate "1978.02.27"]
[EventType "tourn"]
[EventRounds "15"]
[EventCountry "YUG"]
[EventCategory "14"]
[SourceTitle "MCL"]
[Source "ChessBase"]
[SourceDate "1999.07.01"]
[SourceVersion "1"]
[SourceVersionDate "1999.07.01"]
[SourceQuality "1"]

1. d4 Nf6 2. c4 g6 3. Nc3 d5 4. Nf3 Bg7 5. Qb3 dxc4 6. Qxc4 O-O 7. e4 Bg4 8.
Be3 Nfd7 9. Qb3 Nb6 10. Rd1 Nc6 11. d5 Ne5 12. Be2 Nxf3+ 13. gxf3 Bh5 14. Rg1
Qb8 $2 (14... Qd7 15. Rg3 Kh8 16. Nb5 f5 17. Bd4 fxe4 18. Bxg7+ Kxg7 19. Nd4
exf3 {Sosonko-Timman, Amsterdam 1975}) 15. f4 $1 (15. Rg3 c6 16. a4 cxd5 17. a5
Nc4 18. Nxd5 Nxe3 19. Nxe7+ Kh8 20. fxe3 $14 {ECO}) 15... Bxe2 16. Nxe2 c6 17.
dxc6 bxc6 18. h4 $1 $16 Rd8 $2 (18... Nc8 $1) 19. Rxd8+ Qxd8 20. h5 Rb8 (20...
Kf8 21. hxg6 hxg6 22. f5 gxf5 23. Bc5 Nd7 24. Qg3 Nxc5 25. Qxg7+ Ke8 26. Qh8+
Kd7 27. Qd4+) 21. hxg6 hxg6 22. Rxg6 $1 Nd5 $1 23. Rxg7+ $1 Kxg7 24. Bd4+ Nf6 (
24... f6 25. Qg3+) 25. Qc3 $18 {/\Ng3,Nf5+/Nh5+} Qh8 (25... Kf8 26. Qh3 $2 Qa5+
{/\..Qh5}) 26. Ng3 Kf8 27. Bxa7 Rb7 28. Bd4 Rd7 29. Be5 Qh4 30. Qxc6 Rd8 31.
Qc7 Ke8 32. Qc6+ Kf8 33. Qb6 Ke8 $2 (33... Rc8) 34. Bc7 Nd7 (34... Rc8 35. Qb7
Qg4 36. f5) 35. Qb7 e6 36. Bxd8 Kxd8 37. Qa8+ Ke7 38. Qa3+ Ke8 39. Qa8+ Ke7 40.
Qa3+ 1-0

[Event "URS-ch56"]
[Site "Odessa"]
[Date "1989.??.??"]
[Round "?"]
[White "Beliavsky, Alexander G"]
[Black "Dvoirys, Semen I"]
[Result "1/2-1/2"]
[WhiteElo "2620"]
[BlackElo "2520"]
[Annotator "ChessBase"]
[PlyCount "91"]
[EventDate "1989.09.??"]
[EventType "tourn"]
[EventRounds "15"]
[EventCountry "URS"]
[EventCategory "13"]
[SourceTitle "URS-ch"]
[Source "ChessBase"]
[SourceDate "1999.07.01"]
[SourceVersion "1"]
[SourceVersionDate "1999.07.01"]
[SourceQuality "1"]

1. d4 Nf6 2. c4 g6 3. Nc3 d5 4. Nf3 Bg7 5. Qb3 dxc4 6. Qxc4 O-O 7. e4 Bg4 8.
Be3 Nfd7 9. Qb3 Nb6 10. Rd1 e5 11. dxe5 N8d7 12. a4 $5 (12. Be2) 12... Qe7 $1 (
12... a5 $2 13. Bxb6 cxb6 14. Bb5 $16) 13. a5 Nxe5 $1 14. Nxe5 (14. Be2 $5
Nxf3+ 15. gxf3 Be6 16. Qb5 Nd7 17. O-O c6 18. Qxb7 Rab8 19. Qxc6 Rxb2 $44)
14... Bxd1 15. Nxd1 (15. Qxd1 $5 Bxe5 16. axb6 Qb4 17. Qc1 cxb6 $5 18. Bd3 Rac8
19. O-O $14) 15... Qxe5 16. axb6 axb6 $2 (16... Qa5+ 17. Nc3 axb6 18. Be2 Bxc3+
$1 $132) 17. Bd3 Qa5+ 18. Ke2 $1 Qh5+ (18... Kh8 $5 {/\ f5}) 19. f3 Ra1 20. h4
$1 $16 Qa5 21. h5 Rd8 22. hxg6 hxg6 23. f4 $1 Bd4 24. Bd2 (24. e5 Bxe3 25. Kxe3
Qc5+ 26. Ke2 Qc6 27. Rh2 {/\ Ne3+/-}) 24... Qa2 (24... Qc5 25. Rh3 {/\ Ne3+/-})
25. Qxa2 Rxa2 26. Bc4 Ra1 (26... Ra4 27. Bb3 Ra1 28. Rh3 $16) 27. Rh3 (27. f5
$5) 27... c6 28. Rd3 b5 29. Bb3 Bb6 30. Rg3 $1 Rd4 (30... Kf8 31. f5 gxf5 32.
exf5 $18) 31. Rxg6+ $2 (31. Bc3 Rxe4+ 32. Kf3 Re8 33. Rxg6+ $18) 31... Kf8 32.
Rf6 Rxe4+ 33. Kd3 (33. Kf3 $5 Rd4 34. Bc3 Rdxd1 35. Rxf7+ Ke8 36. Rxb7 $14)
33... Rd4+ 34. Ke2 (34. Kc2 Rxd1 $1 35. Kxd1 Ba5 36. Rxf7+ Ke8 37. Rxb7 Rxd2+
$10) 34... Re4+ 35. Ne3 Bxe3 36. Rxf7+ Ke8 37. Bxe3 Re1+ $1 $10 38. Kxe1 Rxe3+
39. Kf2 Rxb3 40. Rxb7 Rxb2+ 41. Kf3 Rb3+ 42. Kg4 c5 43. f5 c4 44. f6 c3 45. Kf5
Rb4 $1 (45... c2 $2 46. Rc7 Rb2 47. Ke6 $18) 46. Rb8+ 1/2-1/2

[Event "Jerusalem"]
[Site "Jerusalem"]
[Date "1986.??.??"]
[Round "?"]
[White "Sosonko, Gennadi"]
[Black "Birnboim, Nathan"]
[Result "1/2-1/2"]
[WhiteElo "2530"]
[BlackElo "2445"]
[Annotator "ChessBase"]
[PlyCount "55"]
[EventDate "1986.11.??"]
[EventType "tourn"]
[EventRounds "11"]
[EventCountry "ISR"]
[EventCategory "11"]
[SourceTitle "MCL"]
[Source "ChessBase"]
[SourceDate "1999.07.01"]
[SourceVersion "1"]
[SourceVersionDate "1999.07.01"]
[SourceQuality "1"]

1. d4 Nf6 2. c4 g6 3. Nc3 d5 4. Nf3 Bg7 5. Qb3 dxc4 6. Qxc4 O-O 7. e4 Bg4 8.
Be3 Nfd7 9. Qb3 Nb6 10. Rd1 e6 11. Be2 Nc6 12. Ng1 Bxe2 13. Ngxe2 Qe7 14. O-O
Na5 15. Qc2 Nac4 16. Bc1 c5 $5 (16... e5) 17. d5 e5 18. Na4 Nd6 $1 19. Nxc5
Rfc8 20. b4 a5 21. a3 Nd7 22. Qd3 Nxc5 23. bxc5 Rxc5 24. a4 $1 Rc4 25. Ba3 Rxa4
26. Rb1 Bf8 27. Bc5 $1 {/\ Nc3} b5 $8 28. Rxb5 (28. Rxb5 Qd7 29. Nc3 (29. Bxd6
Bxd6 $15) 29... Rxe4 $1 $15 30. Bxd6 (30. Nxe4 Qxb5) 30... Rd4) 1/2-1/2

[Event "CZE-ch"]
[Site "Luhacovice"]
[Date "2003.02.24"]
[Round "7"]
[White "Babula, Vlastimil"]
[Black "Oral, Tomas"]
[Result "1-0"]
[WhiteElo "2581"]
[BlackElo "2550"]
[Annotator "Ftacnik,L"]
[PlyCount "77"]
[EventDate "2003.02.18"]
[EventType "tourn"]
[EventRounds "11"]
[EventCountry "CZE"]
[EventCategory "9"]
[SourceTitle "CBM 094"]
[Source "ChessBase"]
[SourceDate "2003.05.26"]
[SourceVersion "1"]
[SourceVersionDate "2003.05.26"]
[SourceQuality "1"]

1. d4 Nf6 2. c4 g6 3. Nc3 d5 4. Nf3 Bg7 5. Qb3 dxc4 6. Qxc4 O-O 7. e4 Bg4 8.
Be3 Nfd7 9. Qb3 Nb6 10. Rd1 Nc6 11. d5 Ne5 12. Be2 Nxf3+ 13. gxf3 Bh5 14. Rg1
Qc8 15. Rg3 c6 16. a4 Qc7 17. Qa3 f5 18. dxc6 (18. a5 Nxd5 $1 19. exd5 f4)
18... bxc6 (18... f4 $2 19. Bxb6 axb6 20. Nd5 fxg3 21. Nxc7 gxh2 22. Bc4+ Kh8
23. Ke2 $16) 19. a5 Nc8 (19... Nd5 20. exd5 f4 21. dxc6 $1) (19... f4 20. axb6
axb6 21. Qb3+ Kh8 22. Bxb6 $16) 20. Qc5 (20. exf5 Rxf5 (20... Nd6 $5 21. fxg6
hxg6 $13) 21. Ne4 Nd6 22. Nc5 Kh8 23. Bd4 Bxd4 24. Rxd4 Nb5 25. Bxb5 Qe5+ 26.
Re4 Qxc5 27. Qxc5 Rxc5 28. Bc4 Rb8) (20. Bd4 Bxd4 21. Rxd4 Rb8 $10) 20... fxe4
(20... f4 21. Nd5 Qe5 22. Bxf4 Rxf4 23. Qxc6 $16) 21. Nd5 $146 {[%mdl 8] Thus
line is rather important for the 13...Bh5 variation, black seems to be holding
with best play.} (21. Nb5 $1 Qxa5+ 22. b4 Qa4 23. Bd4 $1 (23. Nc7 Nd6 $1 24.
Nxa8 Rxa8 $44) 23... cxb5 $1 (23... Bxf3 $6 24. Bxg7 Bxe2 $2 (24... Kxg7 25.
Qc3+ Rf6 26. Ra1 cxb5 27. Rxa4 bxa4 $14) 25. Nc3 $1 Qc2 (25... Qa6 26. Bxf8
Bxd1 27. Qe5 Kxf8 28. Qh8+ Kf7 29. Nxd1 $18) 26. Bxf8 Bxd1 27. Bh6 $1 {1-0
Ivanchuk,V-Timman,J/Linares/1993/ (38)}) 24. Bxb5 Qxd1+ (24... Qa3 25. Ra1) 25.
Kxd1 Rd8 26. Bc4+ Kh8 (26... Kf8 27. Bd5 Nb6 28. Bxg7+ Kxg7 29. Qxe7+ Kh6 30.
Qg5+ Kg7 31. Qe5+ Kh6 32. Qf4+ Kg7 33. Qc7+ Kh6 34. Qc1+ Kg7 35. Qc3+ Kh6 36.
Qd2+ Kg7 37. Bxa8 (37. Rg5 Bxf3+ 38. Kc1 Rac8+ $132) 37... Bxf3+ (37... Rxd2+
$2 38. Kxd2 Nxa8 39. fxe4 $16) 38. Rxf3 Rxd2+ 39. Kxd2 exf3 40. Bxf3 $10) 27.
Bd5 Nb6 28. Rg5 Bxf3+ 29. Ke1 Rac8 30. Bxg7+ Kxg7 31. Qd4+ Kh6 {1/2-1/2 Babula,
V-Kalod,R/Opava 2000/ (37)}) (21. Nxe4 Rf5 $1 22. Qc4+ Kh8) (21. fxe4 Bxe2 22.
Kxe2 (22. Nxe2 Nd6) 22... Qb7 $1) 21... Qd6 (21... Qb7 22. Nf4 Nd6 23. Bc4+
Nxc4 (23... Kh8 24. Nxh5 gxh5 25. Rxg7 Nxc4 26. Bd4 $18) 24. Qxc4+ Kh8 25. Nxh5
gxh5 26. Rxg7 Kxg7 27. Bd4+ Rf6 28. fxe4 $16) (21... Qe5 22. Bd4 (22. Qxc6 exf3
23. Bc4 Rb8 24. Nf6+ Kh8 25. Nd7 Qxa5+ 26. Bd2 Rb6 27. Qa8 Rb4 28. Nxf8 Qe5+
29. Be3 Rxc4 30. Ne6 h6 $13) 22... Qd6 23. Qxd6 exd6 24. Bxg7 Kxg7 (24... exf3
25. Bxf8 fxe2 26. Nf6+ Kf7 27. Rc1 Kxf6 28. Rxc6 $18) 25. Nc7 exf3 26. Ba6 Rb8
27. Ne6+ Kg8 28. Nxf8 Kxf8 29. Bxc8 Rxc8 30. Rxd6 $14) 22. Qc4 cxd5 $2 {
Oral makes the mistake of giving up the queen, since his compensation will not
be sufficent.} (22... Kh8 $1 23. Nf4 (23. Nc3 Qc7 24. fxe4 Nd6 $11) 23... Qe5
24. Qxc6 Nd6 25. Rd5 Qxb2 26. Nxh5 gxh5 27. Rxh5 Rac8 28. Qd5 Nf5 29. Rgh3 (29.
Rxf5 Rfd8 $17) 29... Bc3+ 30. Kf1 Qa1+ 31. Kg2 Nxe3+ 32. fxe3 Rg8+ 33. Rg3 $11)
23. Rxd5 Kh8 (23... Qe6 24. Rxh5 Qf7 (24... Qxc4 25. Bxc4+ Kh8 26. Rxh7+ Kxh7
27. Rh3+ Bh6 28. Rxh6+ Kg7 29. fxe4 Rb8 30. Rh3) 25. Rf5 Bf6 (25... gxf5 26.
Bh6 $16) 26. fxe4 Nd6 27. Qxf7+ Kxf7 28. Rd5 Nxe4 29. Rh3 $16) 24. Rxd6 Nxd6
25. Qd5 (25. Qe6 exf3 26. Bd3 Bxb2 $11) 25... exf3 26. Bxf3 Rac8 (26... Nf5 27.
Bxh5 Nxg3 28. hxg3 gxh5 29. b4 $16) (26... Bxf3 27. Rxf3 Bxb2 28. Rxf8+ Rxf8
29. Bxa7 $18) 27. Bxh5 Rf5 28. Qe6 Rxh5 (28... Re5 29. Qd7 Rxh5 30. Qxa7 $18)
29. Qxe7 Nf5 30. Qxa7 {Despite all dangers for white king the "a" pawn will be
unstoppable for black.} (30. Qb7 Re8 31. Rf3 Rxh2 32. Qxa7 $18) 30... Rxh2 31.
Qb7 Rd8 32. Bg5 Re8+ 33. Re3 Nxe3 34. Bxe3 Rh5 35. a6 Ra5 36. Kf1 h5 37. a7 Be5
38. b4 Ra1+ 39. Kg2 1-0

[Event "Novgorod"]
[Site "Novgorod"]
[Date "1994.??.??"]
[Round "2"]
[White "Bareev, Evgeny"]
[Black "Kasparov, Garry"]
[Result "1/2-1/2"]
[WhiteElo "2675"]
[BlackElo "2805"]
[Annotator "Ftacnik,L"]
[PlyCount "49"]
[EventDate "1994.08.??"]
[EventType "tourn"]
[EventRounds "10"]
[EventCountry "RUS"]
[EventCategory "19"]
[SourceTitle "CBM 043"]
[Source "ChessBase"]
[SourceDate "1994.12.01"]
[SourceVersion "1"]
[SourceVersionDate "1994.12.01"]
[SourceQuality "1"]

1. d4 Nf6 2. c4 g6 3. Nc3 d5 4. Nf3 Bg7 5. Qb3 dxc4 6. Qxc4 O-O 7. e4 Bg4 8.
Be3 Nfd7 9. Qb3 c5 10. d5 (10. Qxb7 $2 Bxf3 11. Qxa8 cxd4 12. gxf3 (12. Bxd4
Bxd4 13. gxf3 Qb6) 12... dxc3 13. Qxa7 (13. Qd5 cxb2 14. Rb1 Qc7 $44) 13...
cxb2 14. Rb1 Bc3+ 15. Bd2 Bxd2+ 16. Kxd2 Nc6 17. Qa3 Nde5+ 18. Ke1 Nxf3+ {
0-1/Wagner-Kokorin/corr/1954/} 19. Qxf3 Qa5+ 20. Kd1 Rd8+ 21. Bd3 Qc3 $19)
10... Na6 11. Be2 (11. Qxb7 Nb4 12. Rc1 Rb8 13. Qxa7 Ra8 14. Qb7 Nxa2 15. Nxa2
Rxa2 16. Rb1 Qa5+ 17. Bd2 Qa4 $36) 11... Rb8 12. Bf4 $146 (12. O-O) 12... Bxf3
13. Bxf3 (13. Bxb8 $2 Bxe2 $17) (13. gxf3 Ne5 $13) 13... Ne5 14. Be2 b5 $1 15.
O-O (15. Nxb5 c4 16. Qg3 (16. Bxc4 $2 Nc5 17. Qc2 Rxb5 18. Bxb5 Qa5+ 19. Qd2
Qxb5 $19) 16... Qa5+ 17. Kf1 (17. Nc3 Nd3+ 18. Bxd3 Bxc3+ $17) 17... f6 $1 (
17... Qxb5 18. Bxe5 Bxe5 19. Qxe5 Qxb2 20. Qxb2 Rxb2 21. Bxc4 Nb4 $132) 18. Nd4
Rxb2 $40) (15. Bxb5 $6 c4 $1 (15... Nd3+ 16. Bxd3 Rxb3 17. axb3 Nb4 18. Bb1 $13
) 16. Qa3 Nd3+ 17. Kf1 Rxb5 $1 18. Nxb5 Qb6 19. Be3 Qxb5 $17) 15... c4 16. Qa3
Rb6 (16... Qd6 17. Qxd6 exd6 18. a4 bxa4 19. Rxa4 $14) 17. Nxb5 Rxb5 18. Qxa6
Rxb2 19. Rae1 (19. Bxc4 $2 Rb6 20. Qa4 Nxc4 21. Qxc4 Bxa1 $17) (19. Bxe5 Bxe5
20. Qxc4 Qb8 21. Rac1 Bxh2+) 19... Qd6 (19... Qc7 $5 $13) 20. Qxd6 (20. Qxa7 $2
Nf3+ 21. Bxf3 Qxf4 $36) 20... exd6 21. Bxe5 Bxe5 22. Bxc4 Rc8 23. Bb3 Bd4 24.
g3 Re8 25. Kg2 (25. Kg2 f5 26. exf5 (26. Kf3 fxe4+ 27. Rxe4 Rxf2+ 28. Rxf2 Rxe4
29. Kxe4 Bxf2 $10) 26... Rxe1 27. Rxe1 Rxf2+ 28. Kh3 Rxf5 $10) 1/2-1/2

[Event "Mitropa Cup 19th"]
[Site "Baden"]
[Date "1999.04.09"]
[Round "8"]
[White "Kozul, Zdenko"]
[Black "Oral, Tomas"]
[Result "1/2-1/2"]
[WhiteElo "2585"]
[BlackElo "2521"]
[Annotator "Ftacnik,L"]
[PlyCount "65"]
[EventDate "1999.04.01"]
[EventType "team-tourn"]
[EventRounds "9"]
[EventCountry "SUI"]
[SourceTitle "CBM 071"]
[Source "ChessBase"]
[SourceDate "1999.08.01"]
[SourceVersion "1"]
[SourceVersionDate "1999.08.01"]
[SourceQuality "1"]

1. d4 Nf6 2. c4 g6 3. Nc3 d5 4. Nf3 Bg7 5. Qb3 dxc4 6. Qxc4 O-O 7. e4 Bg4 8.
Be3 Nfd7 9. Qb3 Nb6 10. Rd1 Nc6 11. d5 Ne5 12. Be2 Nxf3+ 13. gxf3 Bh5 14. h4
Qc8 (14... Qd7 15. f4 Bxe2 16. Kxe2 e6 17. dxe6 Qxe6 18. Qxe6 fxe6 19. h5 gxh5
20. Rxh5 Rad8 21. Rdh1 Nc4 22. Rxh7 Nxb2 23. e5 {1/2-1/2 Gereben,E-Kotov,A/
Budapest/1949/ (36)}) 15. f4 (15. a4 c6 16. Rc1 (16. a5 Nd7 17. f4 Bxc3+ 18.
Qxc3 Bxe2 19. Kxe2 cxd5 20. exd5 Qxc3 21. bxc3 Rfc8 22. Bd4 b5 23. Rd3 h5 {
1/2-1/2 Pokorny,T-Krupkova,P/Lazne Bohdanec/ 1996/ (42)}) (16. dxc6 bxc6 17.
Rd2 Nd7 18. Qd1 Ne5 19. Kf1 Qe6 20. Kg2 f5 21. Bd4 fxe4 22. fxe4 Bf3+ 23. Bxf3
Nxf3 {0-1 Miton,K-Navara,D/Oropesa del Mar/1998/ (33)}) 16... Qd8 17. Rd1 Qc8
18. Rc1 Qd8 19. Rd1 {1/2-1/2 Sosonko,G-Timman,J/Leeuwarden/1979/ (19)}) 15...
Bxe2 16. Kxe2 (16. Nxe2 c6 17. h5 cxd5 18. hxg6 fxg6 (18... hxg6 19. Bxb6 axb6
20. f5 dxe4 21. fxg6 (21. Qh3 Rd8 22. Rxd8+ Qxd8 23. fxg6 Qd5) 21... Qe6) 19.
Bxb6 axb6 20. Rxd5 (20. Qxd5+ $142 e6 21. Qb3 $16) 20... Kh8 21. Qxb6 (21. Rd3)
21... Qc6 $1 22. Qb3 $2 $17 (22. Qxc6 bxc6 23. Rc5 Rxa2 24. Kf1 $10) 22... e6
23. Qh3 h6 {1/2-1/2 Larsen,B-Unzicker,W/Zuerich/1959/ (54)}) 16... c6 17. h5 (
17. Bxb6 $6 axb6 18. h5 Qg4+ 19. Ke3 Bh6 (19... g5 $6 20. fxg5 Qxg5+ 21. Kf3
$14) 20. Ne2 e5 $1 21. f3 Bxf4+ 22. Kf2 Qg5 23. hxg6 hxg6 24. Nxf4 Qxf4 25.
dxc6 bxc6 26. Rd6 Kg7 27. Rxc6 Rh8 $19) 17... cxd5 18. hxg6 hxg6 19. f5 $5 {
[%mdl 128] Kozul is in no mood to hide his true intentions. The attack against
king on g8 can be achieved only with opening of the position.} (19. Nxd5 Nxd5
20. Rxd5 Qg4+ 21. Kd3 b6 $13) (19. Bxb6 Bxc3 20. bxc3 axb6 21. Rxd5 e6 $13)
19... dxe4 20. Bxb6 Bxc3 $1 (20... axb6 21. Nd5 Re8 22. fxg6 Qg4+ (22... Qe6
23. Rdg1 $1 $16) 23. Kf1 Qe6 24. gxf7+ Qxf7 25. Rh4 $14) 21. fxg6 (21. Be3 Bg7
22. fxg6 Qg4+ 23. Kf1 Qxg6 24. Rd7 Rad8 $15) 21... axb6 (21... Qg4+ $5 22. Kf1
Qf3 (22... Bg7 23. Rg1 Qf3 24. Be3 $14) 23. gxf7+ (23. Rg1 axb6 (23... Qh3+ 24.
Rg2 Qh1+ 25. Rg1 Qh3+ $11) 24. Rg3 Qh1+ 25. Rg1 Qh3+ 26. Rg2 $13) 23... Rxf7
24. Rg1+ Kf8 25. Bxa7 Bxb2 26. Rd7 Qxb3 27. axb3 e3 (27... b6 28. Ke2 e5 29.
Rxf7+ Kxf7 30. Bxb6 $11) 28. f3 $11) 22. gxf7+ Rxf7 23. Rdg1+ (23. bxc3 Qg4+
24. Kd2 (24. Ke1 $2 e3 $17) 24... Rd8+ 25. Kc1 Rxd1+ 26. Rxd1 Qf4+ $15) 23...
Bg7 (23... Kf8 $2 24. bxc3 $18) 24. Rxg7+ $1 Kxg7 25. Qg3+ {This position
looks like maximum what white was able to achieve. Oral is lucky, that his
king can dance in the center and the position is drawn.} Kf6 (25... Kf8 $2 26.
Rh8#) 26. Rh6+ Kf5 27. Rh5+ Ke6 (27... Kf6 $2 28. Qe5+ Kg6 29. Qg5#) 28. Qe5+
Kd7 29. Qd5+ Ke8 (29... Kc7 30. Qe5+ $11) 30. Rh8+ Rf8 31. Qh5+ Kd7 32. Qd5+
Ke8 (32... Kc7 33. Qe5+ Kc6 34. Qxe4+ Kd6 35. Qd4+ Ke6 36. Qe4+ Kd6 (36... Kf6
37. Rh6+ Kg5 38. Rg6+ Kh5 39. Rg3 Rxf2+ 40. Kxf2 Qc5+ 41. Ke2 Qb5+ 42. Ke1 Qa5+
43. b4 $18) (36... Kf7 $2 37. Rh7+ Kf6 38. Qxe7+ $18) 37. Qd4+ $11) 33. Qh5+
1/2-1/2

[Event "St Petersburg-ch 77th"]
[Site "St Petersburg"]
[Date "2004.04.06"]
[Round "6"]
[White "Lugovoi, Aleksei"]
[Black "Klimov, Sergey"]
[Result "1-0"]
[WhiteElo "2554"]
[BlackElo "2520"]
[Annotator "Ftacnik,L"]
[PlyCount "67"]
[EventDate "2004.04.01"]
[EventType "tourn"]
[EventRounds "11"]
[EventCountry "RUS"]
[EventCategory "10"]
[SourceTitle "CBM 101"]
[Source "ChessBase"]
[SourceDate "2004.07.27"]
[SourceVersion "1"]
[SourceVersionDate "2004.07.27"]
[SourceQuality "1"]

1. d4 Nf6 2. c4 g6 3. Nc3 d5 4. Nf3 Bg7 5. Qb3 dxc4 6. Qxc4 O-O 7. e4 Bg4 8.
Be3 Nfd7 9. Qb3 c5 10. d5 Na6 11. Nd2 e6 12. d6 Bd4 13. Nb5 $5 $146 {[%mdl 8]
The whole line is rather messy as white is not quite able to catch the bishop
on g4, white black pieces will need to fight for coordination.} e5 (13... Bxe3
14. Qxe3 e5 (14... Nb4 15. Qb3 Qh4 16. Nc7 Rab8 17. Bb5 $16) 15. Bc4 Nb6 16.
O-O Qd7 17. a4 Rad8 (17... Nxc4 18. Nxc4 f6 19. f4 $16) 18. f4 exf4 19. Rxf4
Be6 $14) 14. h3 (14. Nxd4 $5 cxd4 (14... exd4 15. Bh6 Re8 16. Bxa6 bxa6 17. Qg3
Nf6 18. O-O $14) 15. Bh6 Re8 16. Bxa6 bxa6 17. Qg3 Be6 18. f4 exf4 19. Qxf4 $14
) (14. Bc4 Nb6 15. O-O Qd7 $11) 14... Be6 15. Bc4 Bxc4 (15... Bxe3 16. Qxe3 Nb4
17. Qc3 Bxc4 18. Nxc4 Qh4 $11) 16. Nxc4 Qh4 17. O-O (17. g4 Nf6 18. Bxd4 exd4
19. e5 Nxg4 20. O-O Nh6 $15) 17... Qxe4 18. Rfe1 {Lugovoi correctly presumes,
that his active pieces will amply compensate for the pawn. Black must play
carefully in order to hold the position.} Qf5 (18... Bxe3 19. Rxe3 Qf4 20. Rae1
Rfe8 21. Nc7 Nxc7 22. dxc7 $16) 19. Nc7 Rab8 (19... Nxc7 $1 20. dxc7 Qe6 21.
Bxd4 cxd4 22. Nxe5 (22. Rac1 Rac8 23. Nxe5 Nxe5 24. Qxe6 Nf3+ 25. gxf3 fxe6 $11
) 22... Nxe5 23. Qxe6 Nf3+ $1 24. gxf3 fxe6 25. Rxe6 Rac8 26. Rc1 Rf7 $11) 20.
a3 (20. Nd5 Kg7 $13) 20... Kg7 (20... Rfc8 21. Nd5 $1 $16) 21. Qb5 Rfd8 22.
Bxd4 cxd4 (22... exd4 23. Re7 Kg8 24. g4 Qd3 25. Rxd7 Rxd7 26. Qxd7 Qxc4 27.
Qe7 $1 $18) 23. Nxe5 Nxe5 (23... Ndc5 24. Nc4 Ne4 25. Qxf5 gxf5 26. Nb5 Rbc8
27. b3 $16) 24. Rxe5 Qd7 25. Re7 (25. Qxd7 Rxd7 26. Nb5 Rc8 27. Rd1 Kf6 28. Rd5
$16) 25... Qxb5 {Klimov might have contemplated an exchange sacrifice with 25..
.Qxd6!?, since the defense would not be easy to break.} (25... Qxd6 $5 26. Ne8+
Rxe8 27. Rxe8 Nc7 28. Qe5+ Qxe5 29. Rxe5 Kf6 30. Rae1 Ne6 $14) 26. Nxb5 Nc5 27.
Rd1 Kf8 (27... d3 28. b4 Ne6 29. Rxd3 $18) 28. Rxd4 Ne6 29. Rd3 a6 (29... Rxd6
30. Rxf7+ Kxf7 31. Nxd6+ Ke7 32. Nb5 $16) 30. Nc3 {Passivity and absence of
pawn do not bode well for black's chances.} (30. Nc7 Rxd6 31. Rxf7+ Kxf7 32.
Rxd6 $16) 30... b5 (30... Rxd6 31. Rxf7+ Kxf7 32. Rxd6 $16) 31. Ne4 Rxd6 (31...
Rb6 $2 32. Rf3 f5 33. Rxe6 $18) 32. Rxf7+ Kxf7 33. Rxd6 a5 34. Rd7+ 1-0